000 01355nam0a2200349 4500
001 RU\NLR\BIBL_A\011505888
005 20260409065851.0
010 _a978-5-905351-63-1
_9500
021 _aRU
_b2017-73171
_95221
035 _a(NLR Aleph) 011505888
035 _a(RuMoRGB)009406303
090 _a12019628
_c12019628
100 _a20171024d2017 |||y0rusy50 ca
101 0 _arus
102 _aRU
105 _aac||z|||000zy
200 1 _aДуша ветеранов войны в Афганистане
_fА. А. Сосунов
210 _aЕкатеринбург
_cПиджаков А.В.
_d2017
215 _a172, [1] с.
_cил., портр.
_d30
606 1 _aВойна
_xВлияние на психику
_91296233
_3RU\NLR\AUTH\66218825
606 _aВойна в Афганистане
_jВоспоминания, записки и т.п
_z1979 - 1989
_91058795
_3RU\NLR\AUTH\6692225
606 _aВетераны войны в Афганистане
_z1979 - 1989
_92078274
_3RU\NLR\AUTH\661254118
686 _aЮ216.26,0
_2rubbk
686 _aЦ4,6(2)13ОКСВ в Афганистане
_2rubbk
686 1 _aЦ35(0)635.4
686 1 _aЮ942-69
700 1 _aСосунов
_bА. А.
_f1967-
_gАнатолий Анатольевич
942 _cBOOK
980 _aNBR
980 _aNB